MARC

LEADER 00000nam0a2200000 4500
001 155650
005 20231031152529.0
035 |a (RuTPU)RU\TPU\book\168830 
090 |a 155650 
100 |a 20090318d1966 km y0rusy50 ca 
101 0 |a rus 
102 |a RU 
105 |a a z 001zy 
200 1 |a Фильтрационные свойства трещиноватых горных пород  |f Е. С. Ромм 
210 |a Москва  |c Недра  |d 1966 
215 |a 283 с.  |c ил. 
320 |a Библиогр.: с. 272-279. 
610 1 |a трещиноватые горные породы 
610 1 |a фильтрационные свойства 
610 1 |a трещиноватость 
610 1 |a щели 
610 1 |a жидкость 
610 1 |a движение 
610 1 |a законы движения 
610 1 |a газ 
610 1 |a трещиноватые среды 
610 1 |a трещиновато-пористые среды 
610 1 |a коллекторские свойства 
610 1 |a исследование 
675 |a 552.1  |v 3 
700 1 |a Ромм  |b Е. С.  |g Евгений Соломонович 
801 1 |a RU  |b 63413507  |c 20090318  |g PSBO 
801 2 |a RU  |b 63413507  |c 20210129  |g RCR 
942 |c BK